000
00392nam a2200145Ia 4500
008
100122s9999 xx 000 0 und d
082
_b
34931
_a
823.08
100
_a
कर्णिक मधु मंगेश
245
_a
तहान
260
_b
भगवानदास हिरजी
_c
1966
300
_a
180
630
_a
तहान
730
_a
तहान
942
_c
BOOK
999
_c
418366
_d
418363